Body language at work : read the signs and make the rights moves

Bibliographic Details
Main Author: CLAYTON
Format: Book
Published: London : Hamlyn , 2003
Subjects:

MARC

LEADER 00000cam a2200000 7i4500
001 0000002876
005 20040204.0
020 0 0 |a 0600608026 
090 0 0 |a 302.222   |b CLA 2003 
100 1 0 |a CLAYTON   |h Peter 
245 1 0 |a Body language at work :   |b read the signs and make the rights moves   |c Peter Clayton 
260 0 0 |a London :   |b Hamlyn ,   |c 2003 
300 |a 168 p. :   |b col. ill. ;   |c 23 cm. 
500 0 0 |a Includes index 
650 0 0 |a Body language 
998 |a JPSM 
999 |a 0000005154   |b Monograph   |c Open Shelf   |e Default branch